Normal view
MARC view
- Peter G. Drake
Entry Personal Name
001 - CONTROL NUMBER
- control field: 27119
003 - CONTROL NUMBER IDENTIFIER
- control field: NUST
005 - DATE AND TIME OF LATEST TRANSACTION
- control field: 20191219114551.0
008 - FIXED-LENGTH DATA ELEMENTS
- fixed length control field: 191219|| aca||aabn | a|a d
040 ## - CATALOGING SOURCE
- Original cataloging agency: NUST
- Transcribing agency: NUST
100 ## - HEADING--PERSONAL NAME
- Personal name: Peter G. Drake
670 ## - SOURCE DATA FOUND
- Source citation: Work cat.: (NUST): Peter G. Drake, A Practical Manual of Camping, Hiking & Wilderness Techniques:, c2010
